Представление документа в формате RUSMARC

ПолеНазваниеЗначение
  Тип записи a
  Библиографический уровень a
001 Контрольный номер RU/CBS_Ul/BASE/532457807
005 Дата корректировки 20240209175207.4
100 Данные общей обработки __
a Данные общей обработки 20161114d2016 ||| 0rusy0189 ca
101 Язык документа 0_
a Язык текста rus
102 Страна публикации __
a Страна публикации RU
105 Кодированные данные (монография) __
a Кодированные данные (монография) y###||||000|y
200 Заглавие и сведения об ответственности 1_
a Заглавие Что такое фанфик?
b Общее обозначение материала Текст
e Сведения, относящиеся к заглавию [fan fiction — любительские истории, основанные на оригинальных произведениях]
f Первые сведения об ответственности А. Сазонова
300 Общие примечания __
a Общие примечания Ограничения по возрасту - 6+
461 Уровень набора _0
1 2000
a Здоровье школьника
463 Уровень физической единицы _0
1 001RU/CBS_Ul/BASE/531853439
1 2000
a № 11
v С. 30-32
1 210
d 2016
606 Тематические рубрики 0_
a Основная рубрика Фанфикшн
610 Ключевые слова 0_
a Ключевые слова фанфики
a Ключевые слова пародии
a Ключевые слова литература
610 Ключевые слова 0_
a Ключевые слова любительские истории
610 Ключевые слова 0_
a Ключевые слова fan fiction
686 Индексы других классификаций __
a Классификационный индекс 83.3(0)9
2 Код системы ББК
700 Автор _1
a Фамилия Сазонова
b Имя (инициалы) А.
801 Источник записи _0
a Страна RU
b Организация МБУК ЦБС г. Ульяновска
c Дата составления 20161114
g Правила каталогизации RCR
801 Источник записи _1
a Страна RU
b Организация МБУК ЦБС г. Ульяновска
c Дата составления 20161114
g Правила каталогизации RCR
901 Тип документа __
t Тип документа b
w Контрольный № источника RU/CBS_Ul/BASE/531853439
910 Корректоры записи __
a Корректор записи Библиотека 18
938 Служебная информация __
a Имя БД period